LIBRARY & INFORMATION CENTRE, KCAET, TAVANUR

ONLINE PUBLIC ACCESS CATALOGUE (OPAC)

Geospatial Technology Fundamentals and Applications (Record no. 15560)

MARC details
000 -LEADER
fixed length control field 00397nam a22001457a 4500
003 - CONTROL NUMBER IDENTIFIER
control field OSt
008 - FIXED-LENGTH DATA ELEMENTS--GENERAL INFORMATION
fixed length control field 190516b ||||| |||| 00| 0 eng d
020 ## - INTERNATIONAL STANDARD BOOK NUMBER
ISBN 9789385516801
082 ## - DEWEY DECIMAL CLASSIFICATION NUMBER
Classification number 621.367
Item number EMA/GE
100 ## - MAIN ENTRY--AUTHOR NAME
Personal name Emayavaramban, V
245 ## - TITLE STATEMENT
Title Geospatial Technology Fundamentals and Applications
260 ## - PUBLICATION, DISTRIBUTION, ETC. (IMPRINT)
Place of publication New Delhi
Name of publisher New india Publishing Agency
Year of publication 2017
300 ## - PHYSICAL DESCRIPTION
Number of Pages 176 p.
942 ## - ADDED ENTRY ELEMENTS (KOHA)
Koha item type Books
Holdings
Withdrawn status Lost status Damaged status Collection code Home library Current library Shelving location Date acquired Cost, normal purchase price Full call number Accession Number Koha item type
      Non-fiction KAUAET KAUAET General Stacks 16/05/2019 1295.00 621.367 EMA/GE 25763 Books
free website counter